| 000 | 00473nam a2200169Ia 4500 | ||
|---|---|---|---|
| 999 |
_c37093 _d37093 |
||
| 003 | OSt | ||
| 005 | 20210122120604.0 | ||
| 008 | 190216s9999||||xx |||||||||||||| ||und|| | ||
| 020 | _a9788183556408 | ||
| 040 | _coclc | ||
| 082 |
_a001 _bCLM/C |
||
| 100 |
_aC L Media _98359 |
||
| 245 | 0 |
_aCurrent Affairs Extract From News / _cC L Media |
|
| 260 |
_bC L Media, _c2012. _aUK: |
||
| 650 | _aCurrent Affairs | ||
| 942 |
_cREF _2ddc _h001 _iCLM/C _k001 _mCLM/C |
||